000 00609nam a2200193Ia 4500
008 151121s9999||||xx |||||||||||||| ||und||
082 _a813/-बोकील
082 _bHNW-77754
100 _aबोकील मिलिंद
245 _aझेन गार्डन
260 _b"मौज प्रकाशन ग्रह, मुंबई।"
260 _c--
300 _a232
600 _aबोकील मिलिंद
630 _aझेन गार्डन
700 _aबोकील मिलिंद
730 _aझेन गार्डन
942 _cBOOK
999 _c1259164
_d1259161